Biggest Cities in Bahrain - Statistics

General Stats
  • This quiz has been taken 221 times
    185 since last reset
  • The average score is 4 of 10
Answer Stats
Population City % Correct
143,035 Manama
100%
91,307 Muharraq
53%
79,550 Riffa
51%
52,718 Hamad Town
42%
36,833 Isa Town
40%
30,702 Budaiya / Diraz
36%
34,317 Sitra
33%
47,529 Aali
30%
13,658 Jidhafs
21%
11,637 Malkiya / Karzakhan
14%
No matching quizzes found
Score Distribution
Percent of People with Each Score
Percentile by Number Answered
Your Score History
You have not taken this quiz since the last reset